000 01144nam0a22003011 4500
001 v19\rc\1429633
005 20060620100918.3
035 _a(NLR Aleph) 004576543
090 _a2472633
_c2472633
100 _a20060620d1875 |||y0rusy50 ca
101 0 _arus
102 _aRU
105 _ay z |||c|
200 1 _aДарьюшка
_eОчерк жизни рус. странницы
210 _aСанкт-Петербург
_cтип. И.И. Глазунова
_d1875
215 _a119 с.
_d17
300 _aАвт. установлен по изд. 1886 г., вышедшему под загл.: Русская странница Дарьюшка
316 _aЭкземпляр РНБ (18.237.3.12): утрачен
_5NLR: 18.237.3.12
700 1 _aСнессорева
_bС. И.
_f1815-1904
_gСофья Ивановна
702 1 _aШурыгина
_bД. А.
_fвт. пол. 18 в.-
_gДарья Александровна
801 0 _aRU
_bNLR
_gpsbo
801 0 _aRU
_bRuMoRGB
_2psbo
801 1 _aRU
_bProSoft-M
_2rusmarc
852 _aNLR
_j18.237.3.12
899 _aRuMoRGB
_jD 9/118
899 _aБАН
942 _cBOOK
980 _aNB